000 00482 a2200157 4500
005 20250629125812.0
020 _a978-0-273-71276-3
082 _a658.15 HAR
100 _aHARRISON, A.
245 _aLogistics Management and Strategy: Competing through the Supply Chain
250 _a3rd Ed.
260 _aEdinBurgh Gate,
_bPearson Education Limited,
_c2008.
300 _axxv,316p.:ill.;figures, tables
_bBibliography and Index
_c25cm
700 _aHoek,Remk Van
942 _2ddc
_cBKS
999 _c6345
_d6345